000 00359 a2200157 4500
001 155308
040 _cEscola São Tomás de Aquino
100 _aCASTREUCCI, Benedicto
240 1 0 _aA conquista da matemática
_lpor
245 1 0 _aA conquista da matemática
300 _a384
362 0 _a2012
440 1 _aFTD
697 _aMATEMÁTICA
942 _cBK
999 _c155308
_d155308